000
00414nam a22001337a 4500
003
SGT
020
_a
9788173095924
082
_a
891.4309
_b
B11K
100
_a
कुमार, कृष्ण
245
_a
भाषा साहित्य और राष्ट्रीयता
260
_b
सस्ता साहित्य मंडल प्रकाशन
_c
2011
300
_a
151
942
_2
ddc
_c
BK
999
_c
31390
_d
31390